000 01439nam a2200217Ia 4500
999 _c21202
_d21202
003 OSt
005 20210925190930.0
008 160316s2002 xxu||||| |||| 00| 0 eng d
040 _cn
082 _a346.030000
_bGAN
100 _aGandhi B M
245 _aLaw of tort
250 _a2nd
260 _aLucknow
_bEastern Book Co.
_c2002
300 _a403p
_cxlii
365 _b Rs.160
505 _aTable Of Contents: PART I General Principles I. History, Meaning and Nature II. Definition and DiDistinctions III. Classification IV. Parties to a Tort . V. Conditions Negativiiviiving Liability VI. Vicarious Liability VII. Extinction of Liability VIII. Remedies PART II Specific Torts IX. Trespass to the Person X Defamation Xi Malicious Prosecution, Abuse of Legal Process, Maintenance and Champmperty XII. Torts against Famimily Relations and Miscellaneous RiRights XIII. Trespass to Land and Reversion XIV. Trespass to Goods . XV. Torts against Business Interests XVI. Negligence XVII. Nuisance XVIII. Strict Liability XIX. Liability of the Occupipiers and Owners of Property XX. Liability for Animimals & Chattels XXI Economimic Torts . XXII. Inchoate Torts Part III Statutory Compensation XXIII. Statutory Compmpensation Part IV Consumer Protection Act, 1986 XXIV. Consumer Protection Act, 1986 . Subject Index
650 _a1.Torts Law
700 _a
_a
942 _2ddc
_cBK